00548nab a2200181uuc4500001000800000005001700008008004100025035001200066040001300078041000800091100003300099245003400132650001200166650002400178650002700202650001700229773012000246152440520240202132019.0190426e20190405 spa  a1524405 ccomduadb aspa10aArmengol, Josep M.4auteaut13aEl control de las vibraciones aSonidos 7aMusicología2lemb aAislamiento acústico 7aSonido2lemb0 tScherzo : Revista de Música (Madrid)gVolumen 34, Número 350, Abril de 2019, 104-105w161158x0213-48020173673